| 000 | 01171cam a2200349 i 4500 | ||
|---|---|---|---|
| 999 |
_c200447530 _d65742 |
||
| 001 | 200447530 | ||
| 003 | TR-AnTOB | ||
| 005 | 20241016165032.0 | ||
| 007 | ta | ||
| 008 | 060206s2003 tu 000 0 tur d | ||
| 035 | _a(OCoLC)54364135 | ||
| 040 |
_aB9K _beng _erda _cB9K _dTVG _dOCLCQ _dSULEY _dTR-AnTOB |
||
| 041 | 0 | _atur | |
| 050 | 0 | 0 |
_aHD9116.T92 _bC86 2003 |
| 090 |
_aHD9116.T92 _bC86 2003 |
||
| 245 | 0 | 0 | _aCumhuriyetin 80. yılında Türk şeker sanayii. |
| 246 | 3 | 0 | _aTürk şeker sanayii. |
| 246 | 3 | 0 | _aCumhuriyetin sekseninci yılında Türk şeker sanayii. |
| 264 | 1 |
_aAnkara: _bTürkiye Şeker Fabrikaları A.Ş. , _c2003. |
|
| 300 |
_a118 pages : _billustrations, graphics ; _c24 cm |
||
| 336 |
_atext _btxt _2rdacontent |
||
| 337 |
_aunmediated _bn _2rdamedia |
||
| 338 |
_avolume _bnc _2rdacarrier |
||
| 490 | 0 |
_aTürkiye Şeker Fabrikaları A.Ş. Yayınları ; _v221 |
|
| 500 | _aIncludes index. | ||
| 650 | 7 |
_aŞeker ticareti _zTürkiye _2 _9110341 |
|
| 650 | 0 |
_aŞeker _xİmalat ve arıtma _zTürkiye _942629 |
|
| 710 | 2 |
_aTürkiye Şeker Fabrikaları _9132461 |
|
| 942 |
_2lcc _cBK |
||